|
|
|
|
| LEADER |
00960cam a2200253 7i4500 |
| 001 |
0000020126 |
| 005 |
20170218090000.0 |
| 008 |
080610 eng |
| 020 |
|
|
|a 9788120329676 (pbk.)
|
| 090 |
0 |
0 |
|a TK7867
|b .B69 2006
|
| 100 |
1 |
|
|a Boylestad, Robert L
|
| 245 |
1 |
0 |
|a Electronic devices and circuit theory
|c Robert L. Boylestad, Louis Nashelsky.
|
| 250 |
|
|
|a 9th ed.
|
| 260 |
|
|
|a New Delhi:
|b Prentice-Hall of India Pvt. Ltd.,
|c 2006.
|
| 300 |
|
|
|a xv, 896 p.:
|b ill.;
|c 28 cm.
|
| 500 |
|
|
|a Includes index
|
| 501 |
|
|
|a With CD-ROM : Electronic devices and circuit theory
|
| 650 |
0 |
0 |
|a Electronic apparatus and appliances
|
| 650 |
0 |
0 |
|a Electronic circuits
|
| 700 |
1 |
|
|a Nashelsky, Louis
|
| 997 |
|
|
|a Engineering, Faculty
|b Engineering, Department
|
| 998 |
|
|
|a Electronics Engineering, Degree
|
| 999 |
|
|
|a 0000031298
|b BOK
|c OPEN SHELF
|e 1st Floor, Bestari Jaya
|
| 999 |
|
|
|a CDR0000950
|b CD-ROM
|c OPEN SHELF
|e Circulation Counter, Bestari Jaya
|